000 00870nam a22002537a 4500
005 20170123162314.0
010 _aB-122873
020 _c200.00
_a8188368164
035 _aB-122873
037 _bCen Lib/Ret
040 _aDPL
_bUR
082 _a848
_bآ ع ا
100 _aآغا، وزىر
_9113434
245 _aتخلىقى عمل /
_cآغا، وزى
246 _aTakhliqui amal /
_bby Wazir Agha
260 _aنیو دہلی
_bغالب انسٹیٹیوٹ
_c2005
270 _bنیو دہلی
_aروحاللہ سٹریٹ دریاگنج
_e110002
300 _a191p.
_c21cm(Hb)
650 _aتخلیق ادبی، فنکارانہ، وغیرہ
_9113435
650 _aفارسی تصنیف
_9400
650 _aCreation (Literary, artistic, etc.)
_9113436
650 _aHistory -- Philosophy.
_929541
942 _2ddc
_cUR
_h848
_mآ ع ا
999 _c106574
_d106574